An introduction to game theory (Record no. 348665)
[ view plain ]
| 000 -LEADER | |
|---|---|
| fixed length control field | 00494nam a22001457a 4500 |
| 020 ## - INTERNATIONAL STANDARD BOOK NUMBER | |
| International Standard Book Number | 9780195322484 |
| 082 ## - DEWEY DECIMAL CLASSIFICATION NUMBER | |
| Classification number | 519.3 |
| 100 ## - MAIN ENTRY--PERSONAL NAME | |
| Personal name | Martin J. Osborne |
| 245 ## - TITLE STATEMENT | |
| Title | An introduction to game theory |
| 250 ## - EDITION STATEMENT | |
| Edition statement | International ed. |
| 260 ## - PUBLICATION, DISTRIBUTION, ETC. | |
| Place of publication, distribution, etc. | New york |
| Name of publisher, distributor, etc. | Oxford university press |
| Date of publication, distribution, etc. | 2009. |
| 300 ## - PHYSICAL DESCRIPTION | |
| Extent | 533p |
| 942 ## - ADDED ENTRY ELEMENTS (KOHA) | |
| Koha item type | Book |
No items available.
